Countries with Most Scrabble Points Quiz Stats

 Plays Quiz Updated Mar 28, 2019

Score 0/40 Timer 07:00
0 Plays Today
Rank Country % Correct
9.United States of America
87.6%
24.United Kingdom
81.6%
1.Democratic Republic of the Congo
80.1%
7.Kazakhstan
75.6%
13.Zimbabwe
75.5%
8.Kyrgyzstan
73.1%
16.Uzbekistan
72.9%
39.Turkmenistan
70.4%
28.Tajikistan
66.7%
6.Republic of the Congo
65.3%
22.United Arab Emirates
64.6%
20.New Zealand
64.6%
4.Central African Republic
63.3%
33. Zambia
62.7%
38.Afghanistan
62.5%
15.Saint Kitts and Nevis
60.6%
10.Azerbaijan
59.3%
2. Bosnia and Herzegovina
57.9%
21.Trinidad and Tobago
57.2%
5.Mozambique
56.4%
Rank Country % Correct
3. Saint Vincent and the Grenadines
55.2%
23.Luxembourg
53.7%
11.Dominican Republic
52.8%
19.Czechia
52.6%
27.Venezuela
52.1%
34.South Africa
51.9%
18.Antigua and Barbuda
51%
25.Papua New Guinea
50.5%
40.Liechtenstein
50.1%
14.Equatorial Guinea
47.2%
12.São Tomé and Príncipe
46.1%
30.Marshall Islands
46%
29.Vatican City
44.3%
17.Switzerland
43.1%
32.Philippines
42.2%
37.Seychelles
33.9%
31.Burkina Faso
33.1%
36.Djibouti
32.7%
26.North Macedonia
28.7%
35.Jamaica
27.6%

You're not logged in!

Compare scores with friends on all Sporcle quizzes.
OR
Log In

Sporcle TV

Today on Sporcle TV


Watch our educational content, quiz creation guides, and fun videos on Sporcle TV.

Show Comments

Extras

Top Quizzes Today


Score Distribution

Your Account Isn't Verified!

In order to create a playlist on Sporcle, you need to verify the email address you used during registration. Go to your Sporcle Settings to finish the process.

Report this User

Report this user for behavior that violates our Community Guidelines.

Details: